书目信息 |
| 题名: |
优化方法
|
|
| 作者: | 李春明 著 | |
| 分册: | ||
| 出版信息: | 南京 东南大学出版社 2009.09 |
|
| 页数: | 187页 | |
| 开本: | 24cm | |
| 丛书名: | ||
| 单 册: | ||
| 中图分类: | O242.23 | |
| 科图分类: | ||
| 主题词: | 最优化算法--zui you hua suan fa | |
| 电子资源: | ||
| ISBN: | 978-7-5641-1856-3 | |
| 000 | 00874nam0 2200265 450 | |
| 001 | 012010633003 | |
| 005 | 20100624162029.96 | |
| 010 | @a978-7-5641-1856-3@dCNY25.00 | |
| 100 | @a20100624d2009 em y0chiy0120 ea | |
| 101 | 0 | @achi |
| 102 | @aCN@b320000 | |
| 105 | @aa a 000yy | |
| 106 | @ar | |
| 200 | 1 | @a优化方法@Ayou hua fang fa@f李春明著@Fli chun ming zhu |
| 210 | @a南京@c东南大学出版社@d2009.09 | |
| 215 | @a187页@c图@d24cm | |
| 312 | @a英文并列题名取自封面 | |
| 320 | @a有书目 (第186-187页) | |
| 330 | @a本书包括优化方法概述及数学基础,一维、多维有约束、无约束优化方法,线性规划,多目标及离散变量优化方法,现代优化方法简介等内容。 | |
| 510 | 1 | @aOptimization method@zeng |
| 606 | 0 | @a最优化算法@Azui you hua suan fa |
| 690 | @aO242.23@v4 | |
| 701 | 0 | @a李春明@Ali chun ming@4著 |
| 801 | 0 | @aCN@bQSSK@c20100624 |
| 905 | @b782738-40@dO242.23@eL134@f3 | |
| 优化方法/李春明著.-南京:东南大学出版社,2009.09 |
| 187页:图;24cm |
| ISBN 978-7-5641-1856-3:CNY25.00 |
| 本书包括优化方法概述及数学基础,一维、多维有约束、无约束优化方法,线性规划,多目标及离散变量优化方法,现代优化方法简介等内容。 |
| ● |
| 相关链接 |
|
|
|
正题名:优化方法
索取号:O242.23/L134
 
预约/预借
| 序号 | 登录号 | 条形码 | 馆藏地/架位号 | 状态 | 备注 |
| 1 | 782738 | 207827388 | 自科库401/401自科库 50排1列5层/ [索取号:O242.23/L134] | 在馆 | |
| 2 | 782739 | 207827397 | 自科库401/401自科库 50排1列5层/ [索取号:O242.23/L134] | 在馆 | |
| 3 | 782740 | 207827404 | 自科库401/401自科库 50排1列5层/ [索取号:O242.23/L134] | 在馆 |